| 000 | 01648nam a2200409 a 4500 | ||
|---|---|---|---|
| 999 |
_c131747 _d131747 |
||
| 003 | BLK | ||
| 005 | 20250507150717.0 | ||
| 008 | 180409b bul|||||r ||||||| ||bul|| | ||
| 010 | _aKNG00137582000 | ||
| 020 | _a978-954-340-190-1 | ||
| 040 | _aBLK | ||
| 041 |
_aBUL _cBUL |
||
| 072 | 7 |
_2bullib _aН63 _xСелско стопанство Н |
|
| 080 |
_aДекоративни растения. Декоративно градинарство _b635.9 _x(031) _z635.9(031) |
||
| 139 |
_aГоляма енциклопедия на цветята _bГ 63 |
||
| 245 | 1 | 0 |
_aГоляма енциклопедия на цветята _bТ. 1 - _cсъстав. и ред. Петя Миланова. _nТ. 5 _pЕкзотични цветя |
| 257 | _aBGR | ||
| 260 |
_a[София] _bНю Медиа Груп _c2011 - _fСофия : Мултипринт _9213739 _n978-954-340- |
||
| 300 | _c20 см | ||
| 380 | _a63 | ||
| 650 | 7 |
_aДекоративни растения _2 _9152943 |
|
| 650 | 4 |
_aЦветя _9177184 |
|
| 653 | _aбонзай | ||
| 653 | _aнасекомоядни растения | ||
| 653 | _aдекоративни растения | ||
| 653 | _aенциклопедии | ||
| 659 | _aН | ||
| 700 | 1 |
_aМиланова, Петя _eсъстав. и ред. _9322871 |
|
| 760 | 1 |
_dНю Медиа Груп, 2011 _h112 с. : с цв. ил. _tТ. 5 Екзотични цветя |
|
| 852 | _aЦб 257554 | ||
| 856 | 4 |
_qpdf _i0.00 _ldisable |
|
| 856 | 4 |
_qpdf _i0.00 _ldisable |
|
| 942 |
_cKNG _n0 _s1 _01 |
||
| 944 |
_aCR _c16.05.2012 _k30530 _lМинев Младен |
||
| 944 |
_aED _c23.04.2013 |
||
| 999 | _d131747 | ||